000 00565nam a2200145 a 4500
008 120416s2004 ||||||||||||||||| || u
050 _aIBRD(08)
100 _aZervos, Sara
245 1 4 _aThe transactions cost of primary market issuance: the case of Brazil, Chile and Mexico
260 _aWashington, D. C.
_bWorld Bank
_c2004
300 _a19p. : ill.
350 _a0.00
490 _aPolicy Research Working Paper
995 _D0.00
_FCBU-MAIN LIBRARY (Kitwe)
_H1
_I0.00
_UAVAILABLE
_ZInternational Publications
999 _c60284
_d60284